Екологічна енциклопедія (Запис № 17280)

000 -Маркер запису
Контрольне поле сталої довжини 01153nam a22002657a 4500
003 - Належність контрольного номера
Контрольне поле Uzh_bibl
008 - Кодовані дані
Контрольне поле сталої довжини 260408b |||||||| |||| 00| 0 ukr d
020 ## - Індекс ISBN
ISBN 966-8670-27-2
Ціна 130,00
040 ## - Джерело каталогіз.
Код мови каталог. укр.
041 ## - Код мови видання
Код мови оригіналу українська
Код мови тексту українська
080 ## - Індекс УДК
Індекс УДК 502
090 ## - Шифри
Поличний індекс 502
Авторський знак Е 64
100 ## - Автор
Автор -
245 ## - Назва
Назва Екологічна енциклопедія
Відповідальність Ред. Кол.Толстоухов А.В.
Фізичний носій Текст
260 ## - Вихідні дані
Місце видання Київ
Видавництво "Центр екологічної освіти та інформації"
Дата видання 2006
300 ## - Фізичний опис
Обсяг 432 с.
Ілл./тип відтвор. іл.
Тип одиниці В опр.
490 ## - Серія
Назва серії "Всеукраїнська екологічна ліга"
№ тому Том 1
520 ## - Анотація
Анотація У томі вміщено понад 1300 статтей, 32 кольорові карти, 199 кольорових фото, 104 схеми та рисунки, 41 таблицю.
521 ## - Примітка про цільове призначення
Примітка про цільове призначення Для широкого кола читачів
546 ## - Примітка про мову
Примітка про мову укр.
650 ## - Тематичні рубрики
Основна рубрика Довідкове видання
653 ## - Ключові слова
Ключові слова Екологія видів
-- Екологічна рівновага
-- Джерела
655 ## - Термін індексування — жанр/форма
Жанр/форма Довідкова література
942 ## - ADDED ENTRY ELEMENTS (KOHA)
Джерело класифікації чи схема поличного розташування
Koha item type Книги

Немає наявних примірників.

Працює на АБІС Коха